00533cam a2200181 a 4500008004100000020002200041100001900063245004500082260004600127300003300173440003100206500002000237504004100257650002600298003000100324005001700325040000900342  a0340719990 (pbk.)1 aJanacek, G. J.10aPractical time series /cGareth Janacek. aLondon :bOxford University Press,c2001. axv, 156 p. :bill. ;c24 cm. 0aArnold texts in statistics aIncludes index. aIncludes bibliographical references. 0aTime-series analysis.20230123125254.0 cNUST